Desbandes y emergencias en la época del capitalismo mundial.

Bibliographic Details
Format: Analitica de revista
Language:English
Published: Santiago, Chile LOM

MARC

LEADER 00000cab a2200000 a 4500
001 024298
003 UAHC_CL
005 20170803122343.0
008 060116b xx j 000 1 eng
040 |a UAHC_CL  |c UAHC_CL  |d UAHC_CL 
245 1 0 |a Desbandes y emergencias en la época del capitalismo mundial. 
260 |b LOM  |a Santiago, Chile 
759 |a PP002 
773 0 |t Actuel-Marx / Intervenciones.  |w 024296 
900 |a ACTUEL MARX INTERV.-01/03 
942 |c REVA 
952 |0 0  |1 0  |4 0  |6 ACTUEL_MARX_INTERV_01_03_000000000000000  |7 0  |8 General  |9 48716  |a BC  |b BC  |c General  |d 2017-08-03  |l 0  |o ACTUEL MARX INTERV.-01/03  |p FICTICIO18  |r 2019-01-08 00:00:00  |t 1  |w 2017-08-03  |y REVA 
999 |c 24298  |d 24298